000 01001nam0a22002411i 4500
001 rc\4792810
005 20240724151432.0
021 _aRU
_b[66-63309]
035 _a(NLR Aleph) 008867335
090 _a8499202
_c8499202
100 _a20130426d1966 |||y0rusy50 ca
101 0 _arus
102 _aRU
105 _ay d |||||
200 1 _aПластика дефектов мочевого пузыря участком тонкой кишки
_e(Эксперим. исследование)
_eАвтореферат дис. на соискание ученой степени кандидата медицинских наук
_fДнепропетр. гос. мед. ин-т
210 _aДнепропетровск
_d1966
215 _a21 с.
606 _aМочевой пузырь
_xХирургия
_xПластические операции
_2psbo
700 1 _aЧернявский
_bЕ.Х.
801 0 _aRU
_bNLR
_gpsbo
801 1 _aRU
_bELAR
_2rusmarc
852 _aNLR
_j66-4/16034
942 _cBOOK